Normal view MARC view
  • Service rca

Entry Personal Name

Number of records used in: 1

001 - CONTROL NUMBER

  • control field: 41653

003 - CONTROL NUMBER IDENTIFIER

  • control field: NUST

005 - DATE AND TIME OF LATEST TRANSACTION

  • control field: 20210314132112.0

008 - FIXED-LENGTH DATA ELEMENTS

  • fixed length control field: 210314|| aca||aabn | a|a d

040 ## - CATALOGING SOURCE

  • Original cataloging agency: NUST
  • Transcribing agency: NUST

100 ## - HEADING--PERSONAL NAME

  • Personal name: Service rca

670 ## - SOURCE DATA FOUND

  • Source citation: Work cat.: (NUST): Service rca, Handbook of electronic circuits., c1958.
© 2023 Central Library, National University of Sciences and Technology. All Rights Reserved.